000 01392nam a2200337 a 4500
001 ebr5001593
003 CaPaEBR
006 m u
007 cr cn|||||||||
008 940225r19941952enk sb 001 0 eng
010 _z 94008493
020 _z0415051746 (hbk.)
020 _z0415107377 (pbk.)
040 _aCaPaEBR
_cCaPaEBR
035 _a(OCoLC)228039806
050 1 4 _aBF175.5.O24
_bF34 1994eb
082 0 4 _a155.2
_220
100 1 _aFairbairn, W. Ronald D.
_q(William Ronald Dodds)
245 1 0 _aPsychoanalytic studies of the personality
_h[electronic resource] /
_cW.R.D. Fairbairn ; with a new introduction by David E. Scharff and EllinorFairbairn Birtles.
260 _aLondon ;
_aNew York :
_bRoutledge,
_c1994.
300 _axxi, 312 p.
500 _aOriginally published: London : Tavistock Publications, 1952.
504 _aIncludes bibliographical references (p. 297) and index.
533 _aElectronic reproduction.
_bPalo Alto, Calif. :
_cebrary,
_d2013.
_nAvailable via World Wide Web.
_nAccess may be limited to ebrary affiliated libraries.
650 0 _aObject relations (Psychoanalysis)
650 0 _aPersonality.
650 0 _aPsychoanalysis.
655 7 _aElectronic books.
_2local
710 2 _aebrary, Inc.
856 4 0 _uhttp://site.ebrary.com/lib/rucke/Doc?id=5001593
_zAn electronic book accessible through the World Wide Web; click to view
999 _c1241
_d1241